'P' in Geography Quiz Stats

 Plays Quiz Updated Jan 5, 2018

Also try: 'A' in Geography
Challenge
Share
Tweet
Score 0/16 Timer 05:00
5 Plays Today
Question Answer % Correct
What is the capital and largest city of Western Australia?Perth
84.5%
Which currency is used by six countries including Egypt, Syria & the UK?Pound
84%
What name is given to an area of land bordered on three sides by water, but attached to the mainland?Peninsula
81.9%
Can you name the landmark in the images above?Parthenon
81.4%
What was the original romanized name used to refer to modern-day Beijing?Peking
72.3%
Can you name the country whose flag is in the images above?Panama
72.1%
What mountain range in south-west Europe separates Iberia from the rest of Europe?Pyrenees
71.9%
Can you name the water body in the images above?Persian Gulf
70.5%
Question Answer % Correct
Can you name the country whose outline is in the images above?Papua New Guinea
69.5%
What Canadian province is both the least populous and the smallest in area?Prince Edward Island
65.9%
Which US territory shares the status of 'Commonwealth' with another, the Northern Mariana Islands?Puerto Rico
61.1%
What is the name of the largest desert in South America, largely in Argentina?Patagonian Desert
57.2%
What name is given to a sub-region of Oceania and the Pacific, which includes Tonga, Hawaii and Samoa?Polynesia
50.1%
Which region in Asia, meaning five rivers, gives its name to a Pakistani Province and an Indian State?Punjab
48.5%
What city once known as Titograd is the capital and largest city of Montenegro?Podgorica
46.3%
What city is Suriname's capital as well as being its largest?Paramaribo
44.3%

You're not logged in!

Compare scores with friends on all Sporcle quizzes.
Join for Free
OR
Log In

You Might Also Like...

Show Comments

Extras

Top Quizzes Today


Score Distribution

Your Account Isn't Verified!

In order to create a playlist on Sporcle, you need to verify the email address you used during registration. Go to your Sporcle Settings to finish the process.

Report this User

Report this user for behavior that violates our Community Guidelines.

Details: